Thesaurus.com: Synonyms of 'Eat' - Statistics

General Stats
  • This quiz has been taken 32 times
  • The average score is 5 of 11
Answer Stats
Hint Synonym % Correct
I Ingest
70%
C Chew
63%
F Feed
52%
D Dine
48%
S Swallow
48%
B Bite
44%
D Devour
37%
I Inhale
37%
N Nibble
37%
P Pick
15%
A Attack
11%
No matching quizzes found
Score Distribution
Percent of People with Each Score
Percentile by Number Answered
Your Score History
You have not taken this quiz